Random Numbers in European Languages - Statistics

General Stats
  • This quiz has been taken 1,703 times
  • The average score is 8 of 20
Answer Stats
Language Number Word % Correct
Spanish 1 uno
91%
French 1 un
90%
Italian 1 uno
87%
Spanish 2 dos
84%
Spanish 3 tres
84%
French 3 trois
81%
German 3 drei
80%
Spanish 5 cinco
79%
Spanish 4 cuatro
79%
French 2 deux
79%
Spanish 9 nueve
77%
Italian 3 tre
77%
Spanish 6 seis
76%
German 2 zwei
76%
French 10 dix
75%
French 4 quatre
75%
French 5 cinq
74%
Spanish 1,000 mil
74%
Spanish 8 ocho
74%
French 0 zéro
74%
French 8 huit
72%
German 6 sechs
72%
French 6 six
72%
Italian 0 zero
71%
German 5 fünf
70%
French 7 sept
70%
Portuguese 0 zero
69%
French 11 onze
68%
German 1 eins
67%
Italian 4 quattro
67%
Spanish 10 diez
66%
French 1,000 mille
66%
French 9 neuf
66%
German 7 sieben
66%
Spanish 7 siete
66%
French 100 cent
65%
Italian 2 due
65%
Spanish 11 once
64%
Portuguese 3 três
64%
Portuguese 1,000 mil
63%
German 50 fünfzig
61%
French 25 vingt-cinq
61%
Spanish 40 cuarenta
60%
French 17 dix-sept
60%
French 1,000,000 million
59%
German 9 neun
58%
German 29 neunundzwanzig
58%
French 20 vingt
58%
German 10 zehn
58%
French 18 dix-huit
57%
French 12 douze
57%
French 14 quatorze
57%
Spanish 12 doce
56%
German 100 hundert
56%
French 45 quarante-cinq
56%
French 39 trente-neuf
56%
French 24 vingt-quatre
56%
German 8 acht
55%
Spanish 19 diecinueve
55%
Spanish 13 trece
54%
German 40 vierzig
54%
German 20 zwanzig
54%
German 80 achtzig
53%
Italian 5 cinque
53%
Italian 10 dieci
53%
French 19 dix-neuf
53%
German 25 fünfundzwanzig
53%
German 15 fünfzehn
53%
French 15 quinze
53%
French 16 seize
53%
French 38 trente-huit
53%
German 4 vier
53%
French 23 vingt-trois
53%
Spanish 0 cero
52%
Italian 1,000 mille
52%
German 90 neunzig
52%
Italian 9 nove
52%
German 0 null
52%
French 42 quarante-deux
52%
German 60 sechzig
52%
Italian 7 sette
52%
French 22 vingt-deux
52%
Spanish 100 cien
51%
German 11 elf
51%
German 47 siebenundvierzig
51%
German 17 siebzehn
51%
French 50 cinquante
50%
French 90 quatre-vingt dix
50%
Portuguese 6 seis
50%
Spanish 35 treinta y cinco
50%
French 30 trente
50%
German 44 vierundvierzig
50%
German 22 zweiundzwanzig
50%
German 13 dreizehn
49%
French 40 quarante
49%
French 21 vingt et un
49%
French 28 vingt-huit
49%
French 100,000 cent-mille
48%
Italian 100 cento
48%
Spanish 42 cuarenta y dos
48%
Spanish 10,000 diez mil
48%
French 48 quarante-huit
48%
German 27 siebenundzwanzig
48%
French 36 trente-six
48%
German 14 vierzehn
48%
French 29 vingt-neuf
48%
German 19 neunzehn
47%
Italian 8 otto
47%
French 27 vingt-sept
47%
Spanish 18 dieciocho
46%
German 23 dreiundzwanzig
46%
French 47 quarante-sept
46%
French 13 treize
46%
German 24 vierundzwanzig
46%
French 41 quarante et un
45%
Portuguese 4 quatro
45%
German 26 sechsundzwanzig
45%
French 32 trente-deux
45%
French 33 trente-trois
45%
Spanish 20 veinte
45%
French 26 vingt-six
45%
German 12 zwölf
45%
Portuguese 5 cinco
44%
Spanish 49 cuarenta y nueve
44%
German 21 einundzwanzig
44%
German 49 neunundvierzig
44%
French 46 quarante-six
44%
Italian 6 sei
44%
French 60 soixante
44%
French 70 soixante-dix
44%
French 44 quarante-quatre
43%
Spanish 15 quince
43%
Spanish 60 sesenta
43%
Italian 20 venti
43%
German 18 achtzehn
42%
Spanish 45 cuarenta y cinco
42%
Spanish 41 cuarenta y uno
42%
Spanish 17 diecisiete
42%
French 10,000 dix-mille
42%
German 30 dreißig
42%
French 49 quarante-neuf
42%
German 46 sechsundvierzig
42%
German 34 vierunddreißig
42%
Spanish 14 catorce
41%
Spanish 47 cuarenta y siete
41%
Spanish 43 cuarenta y tres
41%
Spanish 80 ochenta
40%
French 43 quarante-trois
40%
German 36 sechsunddreißig
40%
German 70 siebzig
40%
Spanish 30 treinta
40%
French 34 trente-quatre
40%
Spanish 46 cuarenta y seis
39%
Spanish 16 dieciséis
39%
German 43 dreiundvierzig
39%
Spanish 38 treinta y ocho
39%
Spanish 23 veintitrés
39%
German 10,000 zehntausend
39%
German 48 achtundvierzig
38%
Spanish 50 cincuenta
38%
Spanish 48 cuarenta y ocho
38%
German 39 neununddreißig
38%
Portuguese 9 nove
38%
Spanish 36 treinta y seis
38%
French 35 trente-cinq
38%
French 31 trente et un
38%
Italian 23 ventitré
38%
German 41 einundvierzig
37%
German 45 fünfundvierzig
37%
German 16 sechzehn
37%
Spanish 26 veintiséis
37%
Spanish 70 setenta
36%
Spanish 32 treinta y dos
36%
Italian 30 trenta
36%
Spanish 44 cuarenta y cuatro
35%
German 37 siebenunddreißig
35%
German 1,000 tausend
35%
Spanish 39 treinta y nueve
35%
Spanish 33 treinta y tres
35%
Spanish 24 veinticuatro
35%
German 38 achtunddreißig
34%
Spanish 100,000 cien mil
34%
French 37 trente-sept
34%
Spanish 21 veintiuno
34%
German 42 zweiundvierzig
34%
German 28 achtundzwanzig
33%
Spanish 90 noventa
33%
Portuguese 40 quarenta
33%
Spanish 37 treinta y siete
33%
Spanish 22 veintidós
32%
Portuguese 7 sete
31%
Spanish 31 treinta y uno
31%
Italian 33 trentatré
31%
Portuguese 1 um
31%
Italian 25 venticinque
31%
Italian 26 ventisei
31%
German 32 zweiunddreißig
31%
German 33 dreiunddreißig
30%
Italian 32 trentadue
30%
Spanish 25 veinticinco
30%
Spanish 28 veintiocho
30%
Italian 22 ventidue
30%
German 31 einunddreißig
29%
German 100,000 hunderttausend
29%
Italian 35 trentacinque
29%
Italian 12 dodici
27%
German 35 fünfunddreißig
27%
Portuguese 11 onze
27%
Italian 47 quarantasette
27%
Italian 39 trentanove
27%
Spanish 27 veintisiete
27%
Italian 36 trentasei
26%
Italian 18 diciotto
25%
Portuguese 90 noventa
25%
French 80 quatre-vingts
25%
Italian 24 ventiquattro
25%
Italian 27 ventisette
25%
Italian 45 quarantacinque
24%
Italian 44 quarantaquattro
24%
Italian 46 quarantasei
24%
Portuguese 70 setenta
24%
Spanish 34 treinta y cuatro
24%
Italian 37 trentasette
24%
Portuguese 2 dois
23%
Spanish 1,000,000 millón
23%
Italian 16 sedici
23%
Italian 34 trentaquattro
23%
Spanish 29 veintinueve
23%
Portuguese 12 doze
22%
Italian 42 quarantadue
22%
Italian 15 quindici
22%
Portuguese 60 sessenta
22%
Italian 70 settanta
21%
Italian 29 ventinove
20%
Italian 80 ottanta
19%
Italian 40 quaranta
19%
Italian 60 sessanta
19%
Italian 38 trentotto
19%
Italian 31 trentuno
19%
Italian 11 undici
19%
Italian 14 quattordici
18%
Italian 50 cinquanta
17%
Italian 90 novanta
17%
Portuguese 41 quarenta e um
17%
Portuguese 15 quinze
17%
Italian 17 diciassette
16%
Italian 48 quarantotto
16%
Italian 41 quarantuno
16%
Italian 13 tredici
15%
Portuguese 24 vinte e quatro
15%
Portuguese 21 vinte e um
15%
Portuguese 18 dezoito
14%
German 1,000,000 eine Million
14%
Italian 43 quarantatré
14%
Portuguese 13 treze
14%
Portuguese 38 trinta e oito
14%
Italian 28 ventotto
14%
Italian 21 ventuno
14%
Italian 100,000 centomila
13%
Portuguese 10,000 dez mil
13%
Italian 19 diciannove
13%
Portuguese 46 quarenta e seis
13%
Portuguese 43 quarenta e três
13%
Portuguese 14 catorze
12%
Portuguese 100 cem
11%
Portuguese 10 dez
11%
Italian 10,000 diecimila
11%
Italian 49 quarantanove
11%
Portuguese 33 trinta e três
11%
Portuguese 20 vinte
11%
Portuguese 8 oito
10%
Portuguese 44 quarenta e quatro
10%
Portuguese 30 trinta
10%
Portuguese 31 trinta e um
10%
Portuguese 50 cinquenta
9%
Portuguese 19 dezanove
9%
Portuguese 47 quarenta e sete
9%
Portuguese 28 vinte e oito
9%
Portuguese 80 oitenta
8%
Portuguese 49 quarenta e nove
8%
Portuguese 34 trinta e quatro
8%
Portuguese 1,000,000 um milhão
8%
Portuguese 100,000 cem mil
7%
Portuguese 16 dezasseis
7%
Portuguese 17 dezassete
7%
Portuguese 48 quarenta e oito
7%
Portuguese 35 trinta e cinco
7%
Portuguese 32 trinta e dois
7%
Portuguese 36 trinta e seis
7%
Portuguese 22 vinte e dois
7%
Portuguese 29 vinte e nove
7%
Portuguese 26 vinte e seis
7%
Portuguese 45 quarenta e cinco
6%
Portuguese 42 quarenta e dois
6%
Italian 1,000,000 un milione
6%
Portuguese 27 vinte e sete
6%
Portuguese 39 trinta e nove
5%
Portuguese 37 trinta e sete
5%
Portuguese 25 vinte e cinco
5%
Portuguese 23 vinte e três
4%
No matching quizzes found
Score Distribution
Percent of People with Each Score
Percentile by Number Answered
Your Score History
You have not taken this quiz